<?xml version="1.0" encoding="UTF-8"?>
<collection xmlns="http://www.loc.gov/MARC21/slim">
 <record>
  <leader>02329caa a2200505   4500</leader>
  <controlfield tag="001">1474251293</controlfield>
  <controlfield tag="003">DE-627</controlfield>
  <controlfield tag="005">20231114155451.0</controlfield>
  <controlfield tag="007">cr cn 008aaaaa</controlfield>
  <controlfield tag="008">140416s1892    xx |||||o     00| ||ger c</controlfield>
  <datafield tag="024" ind1="7" ind2=" ">
   <subfield code="a">urn:nbn:de:bsz:16-diglit-110549</subfield>
   <subfield code="2">urn</subfield>
  </datafield>
  <datafield tag="024" ind1="7" ind2=" ">
   <subfield code="a">10.11588/diglit.11054.191</subfield>
   <subfield code="2">doi</subfield>
  </datafield>
  <datafield tag="035" ind1=" " ind2=" ">
   <subfield code="a">(DE-627)1474251293</subfield>
  </datafield>
  <datafield tag="035" ind1=" " ind2=" ">
   <subfield code="a">(DE-576)404251293</subfield>
  </datafield>
  <datafield tag="035" ind1=" " ind2=" ">
   <subfield code="a">(DE-599)BSZ404251293</subfield>
  </datafield>
  <datafield tag="035" ind1=" " ind2=" ">
   <subfield code="a">(OCoLC)1263577070</subfield>
  </datafield>
  <datafield tag="040" ind1=" " ind2=" ">
   <subfield code="a">DE-627</subfield>
   <subfield code="b">ger</subfield>
   <subfield code="c">DE-627</subfield>
   <subfield code="e">rakwb</subfield>
  </datafield>
  <datafield tag="041" ind1=" " ind2=" ">
   <subfield code="a">ger</subfield>
  </datafield>
  <datafield tag="084" ind1=" " ind2=" ">
   <subfield code="a">9,10</subfield>
   <subfield code="2">ssgn</subfield>
  </datafield>
  <datafield tag="100" ind1="1" ind2=" ">
   <subfield code="a">Hann, Pauline</subfield>
   <subfield code="d">1855-</subfield>
   <subfield code="0">(DE-588)1263240259</subfield>
   <subfield code="0">(DE-627)1811334369</subfield>
   <subfield code="4">aut</subfield>
  </datafield>
  <datafield tag="245" ind1="1" ind2="4">
   <subfield code="a">Das Kunstgewerbe auf der Kolumbus-Weltausstellung in Chicago</subfield>
   <subfield code="c">von P. Hann</subfield>
  </datafield>
  <datafield tag="264" ind1=" " ind2="1">
   <subfield code="c">1892</subfield>
  </datafield>
  <datafield tag="300" ind1=" " ind2=" ">
   <subfield code="b">Ill.</subfield>
  </datafield>
  <datafield tag="336" ind1=" " ind2=" ">
   <subfield code="a">Text</subfield>
   <subfield code="b">txt</subfield>
   <subfield code="2">rdacontent</subfield>
  </datafield>
  <datafield tag="337" ind1=" " ind2=" ">
   <subfield code="a">Computermedien</subfield>
   <subfield code="b">c</subfield>
   <subfield code="2">rdamedia</subfield>
  </datafield>
  <datafield tag="338" ind1=" " ind2=" ">
   <subfield code="a">Online-Ressource</subfield>
   <subfield code="b">cr</subfield>
   <subfield code="2">rdacarrier</subfield>
  </datafield>
  <datafield tag="533" ind1=" " ind2=" ">
   <subfield code="a">Online-Ausg.</subfield>
   <subfield code="b">Heidelberg</subfield>
   <subfield code="c">Univ.-Bibl.</subfield>
   <subfield code="d">2014</subfield>
   <subfield code="e">Online-Ressource</subfield>
   <subfield code="7">|2014||||||||||</subfield>
  </datafield>
  <datafield tag="583" ind1="1" ind2=" ">
   <subfield code="a">Archivierung/Langzeitarchivierung gewährleistet</subfield>
   <subfield code="2">pdager</subfield>
   <subfield code="5">DE-16</subfield>
  </datafield>
  <datafield tag="689" ind1="0" ind2="0">
   <subfield code="d">f</subfield>
   <subfield code="0">(DE-588)5003738-9</subfield>
   <subfield code="0">(DE-627)102432007</subfield>
   <subfield code="0">(DE-576)193311151</subfield>
   <subfield code="a">Weltausstellung</subfield>
   <subfield code="d">1893</subfield>
   <subfield code="c">Chicago, Ill.</subfield>
   <subfield code="2">gnd</subfield>
  </datafield>
  <datafield tag="689" ind1="0" ind2="1">
   <subfield code="d">f</subfield>
   <subfield code="0">(DE-588)5003738-9</subfield>
   <subfield code="0">(DE-627)102432007</subfield>
   <subfield code="0">(DE-576)193311151</subfield>
   <subfield code="a">Weltausstellung</subfield>
   <subfield code="d">1893</subfield>
   <subfield code="c">Chicago, Ill.</subfield>
   <subfield code="2">gnd</subfield>
  </datafield>
  <datafield tag="689" ind1="0" ind2="2">
   <subfield code="d">s</subfield>
   <subfield code="0">(DE-588)4073883-8</subfield>
   <subfield code="0">(DE-627)104476257</subfield>
   <subfield code="0">(DE-576)209191740</subfield>
   <subfield code="a">Kunsthandwerk</subfield>
   <subfield code="2">gnd</subfield>
  </datafield>
  <datafield tag="689" ind1="0" ind2=" ">
   <subfield code="5">(DE-627)</subfield>
  </datafield>
  <datafield tag="773" ind1="0" ind2="8">
   <subfield code="i">In</subfield>
   <subfield code="t">Die Kunst für alle</subfield>
   <subfield code="d">München : Bruckmann, 1886</subfield>
   <subfield code="g">8(1892/93), Seite 367</subfield>
   <subfield code="h">Online-Ressource</subfield>
   <subfield code="w">(DE-627)607959517</subfield>
   <subfield code="w">(DE-600)2512755-X</subfield>
   <subfield code="w">(DE-576)310636671</subfield>
   <subfield code="x">2195-6820</subfield>
   <subfield code="7">nnns</subfield>
  </datafield>
  <datafield tag="773" ind1="1" ind2="8">
   <subfield code="g">volume:8</subfield>
   <subfield code="g">year:1892/93</subfield>
   <subfield code="g">pages:367</subfield>
  </datafield>
  <datafield tag="856" ind1="4" ind2="0">
   <subfield code="u">https://doi.org/10.11588/diglit.11054.191</subfield>
   <subfield code="x">Resolving-System</subfield>
   <subfield code="x">Digitalisierung</subfield>
   <subfield code="x">Langzeitarchivierung</subfield>
   <subfield code="z">kostenfrei</subfield>
   <subfield code="3">Volltext</subfield>
  </datafield>
  <datafield tag="856" ind1="4" ind2="0">
   <subfield code="u">http://digi.ub.uni-heidelberg.de/diglit/kfa1892_1893/0462</subfield>
   <subfield code="x">Digitalisierung</subfield>
   <subfield code="x">Langzeitarchivierung</subfield>
   <subfield code="z">kostenfrei</subfield>
   <subfield code="3">Volltext</subfield>
  </datafield>
  <datafield tag="935" ind1=" " ind2=" ">
   <subfield code="h">SWB</subfield>
   <subfield code="i">ld</subfield>
  </datafield>
  <datafield tag="951" ind1=" " ind2=" ">
   <subfield code="a">AR</subfield>
  </datafield>
  <datafield tag="994" ind1=" " ind2=" ">
   <subfield code="u">https://digi.ub.uni-heidelberg.de/diglit/kfa1892_1893/download.pdf</subfield>
  </datafield>
  <datafield tag="994" ind1=" " ind2=" ">
   <subfield code="u">https://digi.ub.uni-heidelberg.de/diglit/kfa1892_1893/download.pdf</subfield>
  </datafield>
  <datafield tag="990" ind1=" " ind2=" ">
   <subfield code="a">Weltausstellung &lt;Chicago, Ill.&gt; </subfield>
  </datafield>
  <datafield tag="990" ind1=" " ind2=" ">
   <subfield code="a">Weltausstellung &lt;Chicago, Ill.&gt; </subfield>
  </datafield>
  <datafield tag="990" ind1=" " ind2=" ">
   <subfield code="a">Kunsthandwerk</subfield>
  </datafield>
  <datafield tag="991" ind1=" " ind2=" ">
   <subfield code="a">Rezension (Veranstaltung, Ausstellung)</subfield>
  </datafield>
  <datafield tag="999" ind1=" " ind2=" ">
   <subfield code="a">KXP-PPN1474251293</subfield>
   <subfield code="e">4499877660</subfield>
  </datafield>
 </record>
</collection>
